Still Alice / (Record no. 286740)
[ view plain ]
| 000 -LEADER | |
|---|---|
| fixed length control field | 04008cgm a2200769Ii 4500 |
| 001 - CONTROL NUMBER | |
| control field | ocn905872399 |
| 003 - CONTROL NUMBER IDENTIFIER | |
| control field | OCoLC |
| 005 - DATE AND TIME OF LATEST TRANSACTION | |
| control field | 20200320193831.0 |
| 007 - PHYSICAL DESCRIPTION FIXED FIELD--GENERAL INFORMATION | |
| fixed length control field | vd cvaizq |
| 008 - FIXED-LENGTH DATA ELEMENTS--GENERAL INFORMATION | |
| fixed length control field | 150330p20152014cau101 vleng d |
| 020 ## - INTERNATIONAL STANDARD BOOK NUMBER | |
| Terms of availability | 15.95 |
| 024 1# - OTHER STANDARD IDENTIFIER | |
| Standard number or code | 043396455184 |
| 024 1# - OTHER STANDARD IDENTIFIER | |
| Standard number or code | 043396458567 |
| 028 41 - PUBLISHER NUMBER | |
| Publisher number | 45518 |
| Source | Columbia |
| 028 41 - PUBLISHER NUMBER | |
| Publisher number | CTV458567002 |
| Source | E One |
| 035 ## - SYSTEM CONTROL NUMBER | |
| System control number | (OCoLC)905872399 |
| 040 ## - CATALOGING SOURCE | |
| Original cataloging agency | TEFMT |
| Language of cataloging | eng |
| Description conventions | rda |
| Transcribing agency | TEFMT |
| Modifying agency | OCLCO |
| -- | TEF |
| -- | TEFMT |
| -- | MR0 |
| -- | GK5 |
| -- | YW6 |
| -- | IK2 |
| -- | UPZ |
| -- | WACOL |
| 041 1# - LANGUAGE CODE | |
| Language code of text/sound track or separate title | eng |
| -- | fre |
| -- | eng |
| -- | fre |
| Language code of original and/or intermediate translations of text | eng |
| 049 ## - LOCAL HOLDINGS (OCLC) | |
| Holding library | WACL |
| 050 #4 - LIBRARY OF CONGRESS CALL NUMBER | |
| Classification number | PN1997.2 |
| Item number | .S85 2015 |
| 082 04 - DEWEY DECIMAL CLASSIFICATION NUMBER | |
| Classification number | 791.43/72 |
| Edition number | 23 |
| 092 ## - LOCALLY ASSIGNED DEWEY CALL NUMBER (OCLC) | |
| Classification number | DVD |
| Item number | Sti |
| 245 00 - TITLE STATEMENT | |
| Title | Still Alice / |
| Statement of responsibility, etc | a Sony Pictures Classics release ; BSM Studio presents a Lutzus-Brown production ; in association with Killer Films/Big Indie Pictures and Shriver Films ; a Richard Glatzer and Wash Westmoreland Film ; produced by Lex Lutzus, James Brown, Pamela Koffler ; written for the screen and directed by Richard Glatzer & Wash Westmoreland. |
| 257 ## - COUNTRY OF PRODUCING ENTITY FOR ARCHIVAL FILMS | |
| Country of producing entity | United States. |
| -- | naf |
| 264 #1 - Production, Publication, Distribution, Manufacture, and Copyright Notice. | |
| Place of production, publication, distribution, manufacture | Culver City, CA : |
| Name of producer, publisher, distributor, manufacturer | Sony Pictures Home Entertainment, |
| Date of production, publication, distribution, manufacture, or copyr | [2015] |
| 264 #4 - Production, Publication, Distribution, Manufacture, and Copyright Notice. | |
| Date of production, publication, distribution, manufacture, or copyr | ©2014 |
| 300 ## - PHYSICAL DESCRIPTION | |
| Extent | 1 videodisc (approx. 101 min.) : |
| Other physical details | sound, color ; |
| Dimensions | 4 3/4 in. |
| 336 ## - Content Type | |
| Content type term | two-dimensional moving image |
| 337 ## - Media type | |
| Media type term | video |
| 338 ## - Carrier type | |
| Carrier type term | videodisc |
| 340 ## - PHYSICAL MEDIUM | |
| Material base and configuration | DVD video |
| Dimensions | 4 3/4 in. |
| -- | rda |
| 344 ## - | |
| -- | digital |
| -- | optical |
| -- | 5.1 surround |
| -- | Dolby Digital |
| -- | rda |
| 345 ## - | |
| -- | widescreen (1.78:1) |
| -- | 24 fps |
| -- | rda |
| 346 ## - | |
| -- | DVD-video |
| -- | NTSC |
| -- | rda |
| 347 ## - | |
| -- | video file |
| -- | DVD video |
| -- | region 1 |
| -- | rda |
| 500 ## - GENERAL NOTE | |
| General note | Motion picture. |
| 538 ## - SYSTEM DETAILS NOTE | |
| System details note | DVD, region 1, anamorphic widescreen (1.85:1) presentation; Dolby Digital. |
| 546 ## - LANGUAGE NOTE | |
| Language note | English or dubbed French (5.1 Dolby digital) dialogue; English audio description track (5.1 Dolby digital); English or French subtitles; English SDH (subtitled for the deaf and hard of hearing). |
| 500 ## - GENERAL NOTE | |
| General note | Title from container. |
| 511 1# - PARTICIPANT OR PERFORMER NOTE | |
| Participant or performer note | Julianne Moore, Alec Baldwin, Kristen Stewart, Kate Bosworth, Shane McRae, Hunter Parrish. |
| 508 ## - CREATION/PRODUCTION CREDITS NOTE | |
| Creation/production credits note | Director of photography, Denis Lenoir ; editor, Nicolas Chaudeurge ; music, Ilan Eshkeri. |
| 500 ## - GENERAL NOTE | |
| General note | Based on the book by Lisa Genova. |
| 500 ## - GENERAL NOTE | |
| General note | DVD release of the 2014 motion picture. |
| 521 8# - TARGET AUDIENCE NOTE | |
| Target audience note | MPAA rating: PG-13; for mature thematic material, and brief language including a sexual reference. |
| 520 ## - SUMMARY, ETC. | |
| Summary, etc | Alice Howland, happily married with three grown children, is a renowned linguistics professor who starts to forget words. When she receives a diagnosis of Early-Onset Alzheimer's Disease, Alice and her family find their bonds thoroughly tested. Her struggle to stay connected to who she once was is frightening, heartbreaking, and inspiring. |
| 500 ## - GENERAL NOTE | |
| General note | Special feature: Finding Alice featurette. |
| 650 #0 - SUBJECT ADDED ENTRY--TOPICAL TERM | |
| Topical term or geographic name as entry element | Alzheimer's disease |
| General subdivision | Patients |
| Form subdivision | Drama. |
| 9 (RLIN) | 5898632 |
| 650 #0 - SUBJECT ADDED ENTRY--TOPICAL TERM | |
| Topical term or geographic name as entry element | Alzheimer's disease |
| General subdivision | Family relationships |
| Form subdivision | Drama. |
| 9 (RLIN) | 5898633 |
| 650 #0 - SUBJECT ADDED ENTRY--TOPICAL TERM | |
| Topical term or geographic name as entry element | Families |
| Form subdivision | Drama. |
| 9 (RLIN) | 5675607 |
| 655 #7 - INDEX TERM--GENRE/FORM | |
| Genre/form data or focus term | Feature films. |
| Source of term | lcgft |
| 9 (RLIN) | 5898634 |
| 655 #7 - INDEX TERM--GENRE/FORM | |
| Genre/form data or focus term | Fiction films. |
| Source of term | lcgft |
| 9 (RLIN) | 5674705 |
| 655 #7 - INDEX TERM--GENRE/FORM | |
| Genre/form data or focus term | Film adaptations. |
| Source of term | lcgft |
| 9 (RLIN) | 5898635 |
| 655 #7 - INDEX TERM--GENRE/FORM | |
| Genre/form data or focus term | Video recordings for the hearing impaired. |
| Source of term | lcgft |
| 9 (RLIN) | 5898636 |
| 700 1# - ADDED ENTRY--PERSONAL NAME | |
| Personal name | Glatzer, Richard, |
| Dates associated with a name | 1952-2015, |
| Relator term | film director, |
| -- | screenwriter. |
| 9 (RLIN) | 5898637 |
| 700 1# - ADDED ENTRY--PERSONAL NAME | |
| Personal name | Westmoreland, Wash, |
| Relator term | film director, |
| -- | screenwriter. |
| 9 (RLIN) | 72276 |
| 700 1# - ADDED ENTRY--PERSONAL NAME | |
| Personal name | Moore, Julianne, |
| Relator term | actor. |
| 9 (RLIN) | 62882 |
| 700 1# - ADDED ENTRY--PERSONAL NAME | |
| Personal name | Baldwin, Alec, |
| Dates associated with a name | 1958- |
| Relator term | actor. |
| 9 (RLIN) | 36503 |
| 700 1# - ADDED ENTRY--PERSONAL NAME | |
| Personal name | Stewart, Kristen, |
| Dates associated with a name | 1990- |
| Relator term | actor. |
| 9 (RLIN) | 68492 |
| 700 1# - ADDED ENTRY--PERSONAL NAME | |
| Personal name | Bosworth, Kate, |
| Dates associated with a name | 1983- |
| Relator term | actor. |
| 9 (RLIN) | 68872 |
| 700 1# - ADDED ENTRY--PERSONAL NAME | |
| Personal name | Parrish, Hunter, |
| Dates associated with a name | 1987- |
| Relator term | actor. |
| 9 (RLIN) | 5898638 |
| 700 1# - ADDED ENTRY--PERSONAL NAME | |
| -- | Motion picture adaptation of (work) : |
| Personal name | Genova, Lisa. |
| Title of a work | Still Alice. |
| 9 (RLIN) | 5898639 |
| 710 2# - ADDED ENTRY--CORPORATE NAME | |
| Corporate name or jurisdiction name as entry element | Sony Pictures Home Entertainment (Firm), |
| Relator term | publisher. |
| 9 (RLIN) | 71947 |
| 942 ## - ADDED ENTRY ELEMENTS (KOHA) | |
| Koha item type | DVD |
| 948 ## - LOCAL PROCESSING INFORMATION (OCLC); SERIES PART DESIGNATOR (RLIN) | |
| Series part designator, SPT (RLIN) | 05/13/2015 |
| z (OCLC) | Sirsi |
| 994 ## - | |
| -- | C0 |
| -- | WACOL |
| 996 ## - | |
| -- | 117942 |
| -- | 34301001426867 |
| -- | DVD |
| -- | DVD |
| -- | wcl |
| -- | i |
| -- | 45 |
| -- | 15.95 |
| -- | amazon |
| -- | Sti |
| -- | 05/13/2015 |
| -- | 11/13/2019 |
| -- | 11/08/2019 |
| Withdrawn status | Lost status | Source of classification or shelving scheme | Damaged status | Not for loan | Collection code | Home library | Current library | Shelving location | Date acquired | Source of acquisition | Cost, normal purchase price | Total Checkouts | Total Renewals | Full call number | Barcode | Date last seen | Date checked out | Cost, replacement price | Price effective from | Koha item type |
|---|---|---|---|---|---|---|---|---|---|---|---|---|---|---|---|---|---|---|---|---|
| Dewey Decimal Classification | Movies | Wasatch County Library | Wasatch County Library | Audio Visual Area | 05/13/2015 | Amazon | 15.95 | 53 | 3 | DVD Sti | 34301001426867 | 09/16/2025 | 09/12/2025 | 15.95 | 03/20/2020 | DVD |
